000 01040nas a2200253Ia 4500
001 R455/D7414
003 IT-RoPAU
008 151124c99999999xx |||||||||||| ||und||
040 _aIT-RoPAU
040 _cIT-RoPAU
041 _aITALIANO
100 _aFornasari Eugenio
_gCodice Aut. SPICS: 29453
210 _aJESUS
222 _aJesus
245 _aJESUS, ANNO 11-N.10 SUPPL. (OTTOBRE 1989)
_bGiaccardo, Il Maestro "Alter Ego" Del Fondatore
250 _a1a ed.
260 _aALBA (CN)
_bPERIODICI SAN PAOLO
_c1989
501 _bPaulus - SPICS - Società San Paolo EM (non-commercial uses only)
_cCopyright2015
300 _a17 p. [39-55]
362 _aANNO 011, N.10 SUPPL. (OTTOBRE 1989)
500 _aL'Incontro di Giaccardo con Don Alberione Segno' L'Inizio della Sua Avventura di Santità. Prese il Nome di Timoteo e Superate le Prime Difficoltà con L'Alberione, Ne Divenne il Primo Collaboratore, Animatore Instancabile dei Vari Rami della Famiglia Paoli
650 _aPASTORALE
_vPUBBLICAZIONE PERIODICA
942 _cCR
999 _c129253
_d129253